000 01047nam a2200277Ia 4500
003 OSt
005 20221005110428.0
006 a|||||r|||| 00| 0
007 ta
008 221004b |||||||| |||| 00| 0 hin d
020 _a9789383233236 (hbk)
_cINR 280.00
024 _a42133
037 _bIN-2303, 14/03/2019, Kitab Ghar Prakashan
_cTextual
040 _aCRL
_cCRL
_bhin
041 _2hin
_ahin
082 _aO152,3N452w, Q3
100 _aसहगल, प्रताप, ले.
245 0 _aहर बार मुसाफ़िर होता हूं
246 _aHar bār musāफ़ir hotā hūan
260 _aनई दिल्ली
_bकिताबघर प्रकाशन भारत
_c2013
300 _a148पृ0
_ccm.
650 _a हिन्दी साहित्य
650 _aहिन्दी कहानी
942 _hO152,3N452w, Q3
_cTEXL
_2cc
999 _c1018778
_d1018778